Statistiken für Länder der Welt - Eine Minute Sprint (ohne eine Karte)

Klicken Sie hier um das Quiz zu spielen!

Allgemein

  • Dieses Quiz wurde 1.866 mal gespielt
  • Das Durchschnittsergebnis liegt bei 24 aus 196

Antwortstatistiken

Land% Korrekt
Deutschland
68%
Kanada
51%
China
50%
Frankreich
46%
Russland
45%
Spanien
45%
Schweden
44%
Norwegen
39%
Irland
38%
Schweiz
38%
Island
37%
Italien
37%
Belgien
36%
Japan
36%
Mexiko
35%
Finnland
34%
Portugal
33%
Polen
30%
Australien
29%
Brasilien
29%
Dänemark
29%
Iran
29%
Irak
28%
Niederlande
28%
Peru
28%
Indien
27%
Österreich
27%
Chile
26%
Estland
26%
Lettland
26%
Andorra
25%
Litauen
25%
Togo
22%
Argentinien
18%
Malta
18%
Oman
18%
Albanien
17%
Benin
17%
Mali
17%
Monaco
17%
Jemen
16%
Laos
16%
Demokratische Republik Kongo
15%
Luxemburg
15%
Neuseeland
15%
Republik Kongo
15%
Tschechien
15%
Vereinigte Staaten
15%
Kuba
14%
Liechtenstein
14%
Niger
14%
Türkei
14%
Ukraine
14%
Vatikanstadt
14%
Zypern
14%
Algerien
13%
Belize
13%
Ghana
13%
Nigeria
13%
Palau
13%
Ungarn
13%
Israel
12%
Serbien
12%
Tonga
12%
Vereinigte Arabische Emirate
12%
Bolivien
11%
Griechenland
11%
Haiti
11%
Katar
11%
Kolumbien
11%
Nauru
11%
Nordkorea
11%
Panama
11%
Slowakei
11%
Slowenien
11%
Sudan
11%
Südkorea
11%
Ägypten
10%
Fidschi
10%
Kroatien
10%
Mongolei
10%
Samoa
10%
San Marino
10%
Südafrika
10%
Taiwan
10%
Tschad
10%
Tuvalu
10%
Vereinigtes Königreich
10%
Bhutan
9%
Bulgarien
9%
Ecuador
9%
Honduras
9%
Indonesien
9%
Kenia
9%
Kosovo
9%
Marokko
9%
Thailand
9%
Vietnam
9%
Angola
8%
Bahrain
8%
Bosnien und Herzegowina
8%
Costa Rica
8%
Guatemala
8%
Jamaika
8%
Syrien
8%
Tunesien
8%
Uruguay
8%
Venezuela
8%
Bahamas
7%
Brunei
7%
Kuwait
7%
Nepal
7%
Paraguay
7%
Rumänien
7%
Südsudan
7%
Vanuatu
7%
Afghanistan
6%
Armenien
6%
Burundi
6%
Gabun
6%
Gambia
6%
Guinea
6%
Kasachstan
6%
Kiribati
6%
Libanon
6%
Libyen
6%
Malawi
6%
Nicaragua
6%
Saudi-Arabien
6%
St Kitts und Nevis
6%
Suriname
6%
Uganda
6%
Antigua und Barbuda
5%
Aserbaidschan
5%
Dominica
5%
Guyana
5%
Kamerun
5%
Moldawien
5%
Montenegro
5%
Namibia
5%
Pakistan
5%
Ruanda
5%
Sambia
5%
Senegal
5%
Sri Lanka
5%
St Lucia
5%
Weißrussland
5%
Barbados
4%
Birma
4%
El Salvador
4%
Grenada
4%
Jordanien
4%
Kambodscha
4%
Lesotho
4%
Liberia
4%
Malaysia
4%
Mazedonien
4%
Salomonen
4%
St Vincent und die Grenadinen
4%
Äthiopien
3%
Eritrea
3%
Föderierte Staaten von Mikronesien
3%
Georgien
3%
Guinea-Bissau
3%
Madagaskar
3%
Mauretanien
3%
Mosambik
3%
Osttimor
3%
São Tomé und Príncipe
3%
Singapur
3%
Somalia
3%
Tansania
3%
Trinidad und Tobago
3%
Bangladesch
2%
Botswana
2%
Côte d'Ivoire
2%
Dominikanische Republik
2%
Dschibuti
2%
Komoren
2%
Malediven
2%
Marshallinseln
2%
Mauritius
2%
Philippinen
2%
Seychellen
2%
Simbabwe
2%
Usbekistan
2%
Äquatorial-Guinea
1%
Burkina Faso
1%
Cabo Verde
1%
Kirgisistan
1%
Papua-Neuguinea
1%
Sierra Leone
1%
Swasiland
1%
Tadschikistan
1%
Turkmenistan
1%
Zentralafrikanische Republik
0%

Verteilung der Resultate

Perzentil nach korrekt beantworteten Fragen

Anzahl Personen mit jedem Resultat

Ihre Resultats-Entwicklung

Sie haben dieses Quiz noch nicht gespielt